| 000 | 00991cad a22002415a 4500 | ||
|---|---|---|---|
| 001 | L151454 | ||
| 008 | 101108e20101030xxk 000 0 eng d | ||
| 035 | _a(Sirsi) u151454 | ||
| 041 | 0 | _aeng | |
| 100 | 1 | _aHawkes, Alex | |
| 245 | 0 | 0 |
_aFocus _bYorkshire |
| 260 | _c2010 | ||
| 490 |
_aEstates Gazette _v(1043) 30 October 2010, 67-88(17) |
||
| 520 | _aOffice and retail markets in Leeds, Manchester, Sheffield, Bradford and Wakefield focusing on problems such as oversupply and poor take up rates. Regeneration including the dissolution of Yorkshire Forward in 2012 and bids for local enterprise partnerships (LEPS) and an overview of development schemes. Concludes with market analysis of availability, take up rates and rents. | ||
| 590 | _aKA | ||
| 651 | 4 |
_aYorkshire _y1888- |
|
| 690 | _aPROPERTY-COMMERCIAL PROPERTY-COMMERCIAL PROPERTY MARKET | ||
| 700 | 1 | _aMorrison, Adrian | |
| 700 | 1 | _aDay, Karen | |
| 700 | 1 | _aSimmons, Mark | |
| 700 | 1 | _aMeadwell, Stacey | |
| 942 | _n0 | ||
| 999 |
_c82800 _d82800 |
||